|
|
|
|
| LEADER |
00000cam a2200000 7i4500 |
| 001 |
0000021951 |
| 002 |
000023785 |
| 005 |
20020927.0 |
| 090 |
0 |
0 |
|a 297.1224045
|b HAS
|
| 100 |
0 |
|
|a Hassan Azahari
|f Dato
|
| 245 |
1 |
0 |
|a Kelas Al-Quran nul karim 1 [
|h video recording]
|c Dato Hj Hassan Azahari
|
| 260 |
|
|
|a Kuala Lumpur :
|b Asa Vision Sdn Bhd ,
|c 19-
|
| 300 |
|
|
|a 1 Video recording VHS (1 jam) :
|b col.(PAL)
|
| 650 |
0 |
0 |
|a Quran
|x Recitation
|
| 999 |
|
|
|a AV 00454
|b VIDEO
|c PINJAMAN
|e PERPUSTAKAAN KOMUNITI PETALING JAYA
|
| 999 |
|
|
|a PV00548
|b VIDEO
|c PINJAMAN
|e PERPUSTAKAAN KOMUNITI PETALING JAYA
|